Statistics for Mark Ronson Charting Songs (Billboard Club Play)

Click here to take the quiz!

General Stats

  • This quiz has been taken 3 times
  • The average score is 3 of 7

Answer Stats

AlbumWeeks OnPeakArtist(s)Song% Correct
Electricity EP23 Weeks#1 (1 Week)Silk City & Dua LipaElectricity
100%
Uptown Special17 Weeks#1 (1 Week)Mark Ronson ft. Bruno MarsUptown Funk!
100%
Late Night Feelings12 Weeks#5Mark Ronson ft. Lykke LiLate Night Feelings
50%
Late Night Feelings15 Weeks#1 (1 Week)Mark Ronson ft. Miley CyrusNothing Breaks Like a Heart
50%
Late Night Feelings6 Weeks#9Mark Ronson ft. YEBBADon't Leave Me Lonely
0%
Late Night Feelings13 Weeks#1 (1 Week)Mark Ronson ft. Camila CabelloFind U Again
0%
Version4 Weeks#44Mark Ronson ft. Daniel MerriweatherStop Me
0%

Score Distribution

Percentile by Number Answered

Percent of People with Each Score

Your Score History

You have not taken this quiz